000 00759nam a2200217 i 4500
001 103737
003 ES-MaACL
005 20250804062741.0
007 t|
008 051117s1970 sp |||| | spa d
100 1 _aMerleau-Ponty, Maurice.
_980571
245 1 0 _aLo visible y lo invisible
_b; seguido de Notas de trabajo /
_cMaurice Merleau-Ponty ; texto fijado por Claude Lefort ... prólogo y epílogo ; [traducción de José Escudé].
260 _aBarcelona :
_bSeix Barral,
_c1970.
300 _a358 p., 3 h. ;
_c20 cm.
650 7 _aMetafísica
_2embne
_915012
650 0 7 _aFilosofía
_2embne
_912802
700 1 _aLefort, Claude.
_971249
700 1 _aEscudé, José.
_947670
852 _aES-MaACL
_jC-39842
999 _c103737
_d103737